000 00657nam a22002057a 4500
003 OSt
005 20260218035419.0
008 260218b |||||||| |||| 00| 0 eng d
020 _a981-265-270-1.
040 _aDWC-Main lib.
_cOC
082 _22nd ed., Thomson Asian ed
_aCirc. 610.73 W582 2006
100 _aWhite, Lois
245 _aFoundations of nursing/
_cLois White
260 _aSingapore :
_bThomson Learning Asia,
_cc2006.
300 _axxvii, 1762 p. :
_billustration ;
_c25 cm.
504 _aIncludes index.
650 _a1. Nursing.
760 _b2nd ed., Thomson Asian ed
942 _2ddc
_cBK-CIRC
_e2nd ed., Thomson Asian ed
_hCirc.
_n0
999 _c8430
_d8430